Sportovní diplomacie jako součást zahraniční politiky státu

Úloha športu v spoločnosti, politike štátu a medzinárodných vzťahoch. Športová diplomacia ako nástroj v zahraničnej politike. Športová diplomacia ako súčasť verejnej a kultúrnej diplomacie. Ciele športovej diplomacie. Príklady.

Enregistré dans:
Détails bibliographiques
Auteur principal: Dubský, Zbyněk
Format: Chapitre de livre
Langue:tchèque
Sujets:
Tags: Ajouter un tag
Pas de tags, Soyez le premier à ajouter un tag!

MARC

LEADER 00000naa a2200000 4500
001 0243933
005 20220713131318.0
041 0 |a cze 
044 |a CZ 
245 1 0 |a Sportovní diplomacie jako součást zahraniční politiky státu  |c Zbyněk Dubský 
520 |a Úloha športu v spoločnosti, politike štátu a medzinárodných vzťahoch. Športová diplomacia ako nástroj v zahraničnej politike. Športová diplomacia ako súčasť verejnej a kultúrnej diplomacie. Ciele športovej diplomacie. Príklady. 
610 2 0 |a šport 
610 2 0 |a diplomacia 
610 2 0 |a vzťahy medzinárodné 
610 2 0 |a politika zahraničná 
100 1 |a Dubský, Zbyněk